000 00483nam a2200157 i 4500
001 bgj
100 1 _aPätsch, Gertrud.
245 1 0 _aDas Leben Kartlis :
_bEine Chronik aus Georgien 300-1200 /
_cHerausgegeben von Gertrud Pätsch.
260 _aLeipzig :
_bDieterich'sche Verlagbuchhandlung,
_c1974.
300 _a497 S. :
_bIll. ;
_c18 cm.
651 9 _aGeorgien
_yGeschichte 300-1200
040 _cBPK
041 0 _ager
942 _cKS
008 s gw f |000 0 ger
999 _c50666
_d50666